[Event "WY BU14 2012"]
[Site "Maribor SLO"]
[Date "2012.11.12"]
[Round "5.17"]
[White "Wu,Christopher"]
[Black "Bora,Safal"]
[Result "1-0"]
[WhiteElo "2239"]
[BlackElo "2087"]

1.e4 c5 2.Nf3 d6 3.d4 cxd4 4.Nxd4 Nf6 5.Nc3 a6 6.Be3 e5 7.Nb3 Be6 8.h3 Be7
9.Qf3 b5 10.O-O-O O-O 11.g4 b4 12.Nd5 Nxd5 13.exd5 Bd7 14.Bd3 Bb5 15.Bxb5 axb5
16.Kb1 Qc8 17.Nc1 Qc4 18.b3 Qc7 19.Qe4 Na6 20.h4 Rfc8 21.g5 Qa5 22.h5 Nc5
23.Qf5 Na4 24.bxa4 bxa4 25.Bd2 Qxd5 26.Bxb4 Qb7 27.a3 Rc4 28.Na2 Rf4 29.Qd3 Rd4
30.Qh3 Bxg5 31.Rxd4 exd4 32.Rg1 h6 33.Qg2 Qa6 34.Qd5 Rc8 35.Qxd4 Qe2 36.Bc3 f6
37.f4 Bh4 38.Qa7 Qb5+ 39.Ka1 g5 40.fxg5  1-0

[Event "WY BU14 2012"]
[Site "Maribor SLO"]
[Date "2012.11.12"]
[Round "5.66"]
[White "Skuhala,Luka"]
[Black "Gamage,Chathulanka"]
[Result "1/2-1/2"]
[WhiteElo "1852"]
[BlackElo "1663"]

1.e4 c5 2.Nf3 d6 3.d4 cxd4 4.Nxd4 Nf6 5.Nc3 a6 6.Be3 e6 7.Be2 Be7 8.Qd2 Qc7
9.f3 b5 10.a3 Nbd7 11.Nb3 Bb7 12.Bd4 Rc8 13.Rc1 O-O 14.O-O d5 15.exd5 Nxd5
16.Nxd5 Bxd5 17.Be3 Bf6 18.Nd4 Rfd8  1/2-1/2

[Event "WY BU14 2012"]
[Site "Maribor SLO"]
[Date "2012.11.12"]
[Round "5.9"]
[White "Asgarizadeh,A"]
[Black "Antal,T"]
[Result "1/2-1/2"]
[WhiteElo "2170"]
[BlackElo "2353"]

1.e4 c5 2.Nf3 d6 3.d4 cxd4 4.Nxd4 Nf6 5.Nc3 a6 6.Be3 e5 7.Nf3 Qc7 8.a4 Be6
9.a5 Nbd7 10.Ng5 Be7 11.Nxe6 fxe6 12.g3 Qc6 13.Bg2 b5 14.axb6 Nxb6 15.Bh3 d5
16.exd5 Nbxd5 17.Nxd5 exd5 18.Bg2 Qb5 19.Qd3 Kf7 20.Qxb5 axb5 21.O-O b4 22.Bg5 e4
23.Rad1 Rhd8 24.Be3 Rac8 25.Rd2 Bc5 26.Bf4 Bd6 27.Bg5 Be5 28.f3 Bxb2 29.fxe4 dxe4
30.Rxd8 Rxd8 31.Bxe4 h6 32.Bxf6 gxf6 33.Bd3 Rc8 34.Rf4 Bc3 35.Rh4 Bd2 36.Kf2 Rb8
37.Ke2 Bc1 38.Kd1 Bg5 39.Re4 h5 40.Rd4 Ke7 41.h4 Bh6 42.Rd5 b3 43.cxb3 Rxb3
44.Kc2 Rb8 45.Rxh5 Be3 46.g4 Rg8 47.Bf5 Bf2 48.Kd3 Kf7 49.Ke2 Bg3 50.Kf3 Be1
51.Rh7+ Kf8 52.Ke4 Rg7 53.Rh8+ Rg8 54.Rh6 Bc3 55.Kd5 Rg7 56.h5 Re7 57.Be6 Kg7
58.Rg6+ Kh7 59.Bf5 Kh8 60.h6 Bb2 61.Kc4 Be5 62.Kd3 Ra7 63.g5 Rf7 64.Ke4 Bb2
65.h7 Kxh7 66.gxf6 Bxf6 67.Rxf6+ Kg7 68.Rg6+ Kf8 69.Ke5 Ra7 70.Be6 Ra1 71.Rg8+ Ke7
72.Rg7+ Kd8 73.Bd5 Ra6 74.Kd4 Ke8 75.Kc5 Rh6 76.Bc6+ Kf8 77.Rd7 Rf6 78.Bd5 Rg6
79.Rf7+ Kg8 80.Kd4 Rg7 81.Rf1+ Kh7 82.Ke5 Rg5+ 83.Ke6 Rg3 84.Kf7 Rg7+ 85.Kf8 Ra7
86.Bf7 Ra8+ 87.Be8 Ra6 88.Rf7+ Kh6 89.Rf5 Kh7 90.Ke7 Kg7 91.Rg5+ Kh6 92.Rg1 Ra2
93.Kf8 Rf2+ 94.Kg8 Rf6 95.Bf7 Ra6 96.Kf8 Ra8+ 97.Ke7 Ra3 98.Be6 Rf3 99.Bd5 Rf2
100.Ke6 Kh5 101.Ke5 Kh6 102.Be4 Rb2 103.Kf4 Rb6 104.Rh1+ Kg7 105.Rh7+ Kg8
106.Ra7 Rb5 107.Bf5 Kf8 108.Kg5 Rb6 109.Bg6 Rb5+ 110.Kh6 Rb6 111.Rf7+ Kg8
112.Re7 Rf6 113.Re8+ Rf8 114.Re7 Rf6 115.Ra7 Kf8  1/2-1/2

[Event "WY BU14 2012"]
[Site "Maribor SLO"]
[Date "2012.11.12"]
[Round "5.39"]
[White "Dodu,Iulian Laurentiu"]
[Black "Grinberg,E"]
[Result "1/2-1/2"]
[WhiteElo "1843"]
[BlackElo "2047"]

1.e4 c5 2.Nf3 d6 3.d4 cxd4 4.Nxd4 Nf6 5.Nc3 a6 6.Be3 e5 7.Nb3 Be6 8.f3 Nbd7
9.Qd2 h5 10.Nd5 Nxd5 11.exd5 Bf5 12.Bd3 Bxd3 13.Qxd3 Be7 14.Qd2 a5 15.a4 O-O
16.O-O Bf6 17.c4 b6 18.Nc1 Qc7 19.b3 Rfe8 20.Na2 Nc5 21.Rab1 e4 22.Nc3 exf3
23.Nb5 Qe7 24.Bxc5 bxc5 25.Rxf3 Be5 26.Rbf1 Rf8 27.Kh1 g6 28.Qh6 Qh4 29.h3 Bg7
30.Qd2 Qe7 31.Qf4 Qe5 32.Nxd6 Qxf4 33.Rxf4 Be5 34.Nb7 Bxf4 35.Rxf4 Rab8 36.Nxa5 f5
37.Rf3 g5 38.Nc6 g4 39.Rd3 Kg7 40.Kg1 Rfe8 41.hxg4 hxg4 42.a5 f4 43.Kf2 Kf7
44.a6 Rb6 45.a7 Ra6 46.Rd2 Kf6 47.d6 Ra1 48.g3 Rh8 49.gxf4 Rh2+ 50.Ke3 Rxd2
51.Kxd2 Ke6 52.d7 Kxd7 53.Ne5+ Ke6 54.Nxg4 Rxa7 55.Ne5 Kf5 56.Nd3 Ra5 57.Kc2 Ke4
58.b4 cxb4 59.Nxb4 Rc5  1/2-1/2

[Event "WY GU18 2012"]
[Site "Maribor SLO"]
[Date "2012.11.12"]
[Round "6.15"]
[White "Neuhauser,S"]
[Black "Revo,T"]
[Result "1-0"]
[WhiteElo "2008"]
[BlackElo "2072"]

1.e4 c5 2.Nf3 d6 3.d4 cxd4 4.Nxd4 Nf6 5.Nc3 a6 6.Be3 e6 7.g4 e5 8.Nf5 g6
9.g5 gxf5 10.exf5 d5 11.Qf3 Ne4 12.Nxe4 dxe4 13.Qxe4 Nc6 14.Bc4 Qd7 15.g6 fxg6
16.fxg6 Qf5 17.Bf7+ Ke7 18.Qh4+ Kd7 19.Bb6 Bg7 20.Qc4 Ke7 21.Rg1 Be6 22.Qc5+ Kf6
23.Bxe6 Qxe6 24.O-O-O Nd4 25.Rxd4 exd4 26.Qg5+  1-0

[Event "FSIM Nov 2012"]
[Site "Budapest HUN"]
[Date "2012.11.13"]
[Round "10.3"]
[White "Liu Guanchu"]
[Black "Kislik,E"]
[Result "1-0"]
[WhiteElo "2233"]
[BlackElo "2413"]

1.e4 c5 2.Nf3 d6 3.d4 cxd4 4.Nxd4 Nf6 5.Nc3 a6 6.Be3 e5 7.Nb3 Be7 8.Qd2 Ng4
9.g3 O-O 10.O-O-O Nd7 11.Kb1 Nxe3 12.Qxe3 Nf6 13.f4 Qc7 14.f5 b5 15.g4 Nxg4
16.Qg3 Nf6 17.Rg1 g6 18.Bd3 Bb7 19.Rdf1 Rac8 20.Nd2 Kh8 21.Qh3 Nh5 22.Nd5 Bxd5
23.exd5 Qd7 24.Qe3 Nf4 25.Rxf4 exf4 26.Qd4+ f6 27.fxg6 hxg6 28.Rxg6 Rg8 29.Rh6+ Kg7
30.Qxf4 Kf8 31.Bf5 Rc4 32.Qf2 Qc7 33.Nxc4 Qxc4 34.Be6 Qe4 35.a3 Rg5 36.Rxf6+  1-0

[Event "Brno Open 2012"]
[Site "Brno CZE"]
[Date "2012.11.14"]
[Round "5"]
[White "Zemlicka,V"]
[Black "Zejda,K"]
[Result "1-0"]
[WhiteElo "2041"]
[BlackElo "1833"]

1.e4 c5 2.Nf3 d6 3.d4 cxd4 4.Nxd4 Nf6 5.Nc3 a6 6.Be3 e6 7.f3 Qc7 8.Qd2 Nbd7
9.g4 Ne5 10.O-O-O Be7 11.Kb1 b5 12.g5 Nfd7 13.Qf2 Bb7 14.Bd3 Nc4 15.Bxc4 Qxc4
16.Rhe1 b4 17.Na4 d5 18.b3 Qc7 19.exd5 Bxd5 20.Nf5 Qc6 21.Nxe7 Kxe7 22.Nc5 Rhc8
23.Nxd7 Kxd7 24.Rd2 Ke8 25.Qh4 Bxf3 26.Bd4 Bd5 27.Qxh7 Qd6 28.Bxg7 Kd7 29.Be5 Qf8
30.g6 Qg8 31.Qxf7+ Qxf7 32.gxf7 Ke7 33.Rf2 Rf8 34.Ref1 Rac8 35.Bg7 e5 36.Bxf8+ Rxf8
37.Kc1 a5 38.Kd2 a4 39.Ke3 Bc6 40.Rf5  1-0

[Event "Brno Open 2012"]
[Site "Brno CZE"]
[Date "2012.11.14"]
[Round "5"]
[White "Svoboda,I"]
[Black "Tretina,Z"]
[Result "1-0"]
[WhiteElo "2005"]
[BlackElo "1799"]

1.e4 c5 2.Nf3 d6 3.d4 cxd4 4.Nxd4 Nf6 5.Nc3 a6 6.Be3 e6 7.f3 Be7 8.Qd2 b5
9.O-O-O Bb7 10.g4 Nc6 11.h4 Nxd4 12.Bxd4 e5 13.Be3 h6 14.Rg1 Qa5 15.Kb1 O-O-O
16.g5 hxg5 17.hxg5 Ng8 18.Qf2 Kc7 19.f4 b4 20.Nd5+ Bxd5 21.Rxd5 Qa4 22.Bb6+ Kc6
23.Ra5 Qxa5 24.Bxa5 Rb8 25.Qa7 Nf6 26.Qc7+  1-0

[Event "WY BU14 2012"]
[Site "Maribor SLO"]
[Date "2012.11.15"]
[Round "8.15"]
[White "Tari,A"]
[Black "Pak,Alexander"]
[Result "1/2-1/2"]
[WhiteElo "2295"]
[BlackElo "2126"]

1.e4 c5 2.Nf3 d6 3.d4 cxd4 4.Nxd4 Nf6 5.Nc3 a6 6.Be3 Ng4 7.Bc1 Nc6 8.Nxc6 bxc6
9.Be2 Nf6 10.O-O g6 11.Bf4 Bg7 12.e5 Nd5 13.Nxd5 dxe5 14.Nxe7 Qxe7 15.Bf3 O-O
16.Qe2 Qc7 17.Bg5 Be6 18.Rfe1 Rab8 19.c3 Qb6 20.Be4 Qxb2 21.Qxa6 Bd5 22.Qd3 Bxe4
23.Qxe4 Qxc3 24.Rec1 Qb2 25.Qxc6 e4 26.Bf4 Bd4 27.Bxb8 Qxf2+ 28.Kh1 Bxa1
29.Rxa1 Rxb8 30.Qxe4 Qb2 31.Qe1 Qa3 32.Qc1 Qxc1+ 33.Rxc1 Ra8 34.Rc2  1/2-1/2

[Event "WY BU14 2012"]
[Site "Maribor SLO"]
[Date "2012.11.15"]
[Round "8.14"]
[White "Perske,Thore"]
[Black "Antal,T"]
[Result "0-1"]
[WhiteElo "2082"]
[BlackElo "2353"]

1.e4 c5 2.Nf3 d6 3.d4 cxd4 4.Nxd4 Nf6 5.Nc3 a6 6.Be3 e5 7.Nb3 Be7 8.f3 Be6
9.Qd2 h5 10.O-O-O Nbd7 11.Kb1 Qc7 12.Nd5 Nxd5 13.exd5 Bf5 14.Bd3 Bxd3 15.Qxd3 b5
16.Rc1 Rc8 17.Qd2 Bd8 18.f4 O-O 19.Rhf1 Re8 20.g3 Nf6 21.Rfe1 a5 22.Qg2 a4
23.fxe5 Rxe5 24.Nd2 Nxd5 25.Bf2 Rxe1 26.Bxe1 a3 27.Ne4 axb2 28.Kxb2 f5 29.Qd2 Nb6
30.Nxd6 Qxd6  0-1

[Event "WY GU16 2012"]
[Site "Maribor SLO"]
[Date "2012.11.15"]
[Round "8.15"]
[White "Osmanodja,F"]
[Black "Paredes Bustamante,Paula"]
[Result "1-0"]
[WhiteElo "2206"]
[BlackElo "1946"]

1.e4 c5 2.Nf3 d6 3.d4 cxd4 4.Nxd4 Nf6 5.Nc3 a6 6.Be3 e5 7.Nf3 Be6 8.Ng5 b5
9.Nxe6 fxe6 10.g3 Be7 11.Bh3 d5 12.exd5 exd5 13.Bg2 e4 14.Bd4 Nbd7 15.Nxd5 O-O
16.Nxe7+ Qxe7 17.O-O Rad8 18.Qe2 Nc5 19.Qe3 Nb7 20.a4 Nd6 21.axb5 axb5 22.Ra7 Qe6
23.Bc3 Rfe8 24.Qg5 Nf7 25.Qxb5 Nd5 26.Bd4 Nf6 27.Ra6 Nd6 28.Qb6  1-0

[Event "WY BU16 2012"]
[Site "Maribor SLO"]
[Date "2012.11.15"]
[Round "8.47"]
[White "Bratkovic,Sham"]
[Black "Mikes,J"]
[Result "1-0"]
[WhiteElo "1943"]
[BlackElo "2102"]

1.e4 c5 2.Nf3 d6 3.d4 cxd4 4.Nxd4 Nf6 5.Nc3 a6 6.Be3 e5 7.Nb3 Be6 8.f4 Qc7
9.f5 Bc4 10.Bxc4 Qxc4 11.Nd2 Qc6 12.Qe2 Nbd7 13.O-O-O b5 14.a3 Rc8 15.Kb1 h5
16.g3 Qb7 17.Bg5 Nb6 18.Bxf6 gxf6 19.Nf1 Rxc3 20.bxc3 Nc4 21.Nd2 Nxa3+ 22.Ka2 b4
23.Nb3 Nb5 24.Rd3 bxc3 25.Rhd1 Be7 26.Rd5 Qc7 27.h3 Qc6 28.Na5 Qb6 29.Nb3 Kd7
30.Qc4 Rc8 31.Rc5 Rc7 32.g4 hxg4 33.hxg4 Ke8 34.Rxc7 Nxc7 35.Rh1 Qb7 36.Rh8+ Bf8
37.Qxc3 Nb5 38.Qc4 Qd7 39.Kb2 Nc7 40.Qb4 Ke7 41.Qb7 a5 42.Nxa5 Qb5+ 43.Qxb5 Nxb5
44.Nc6+ Ke8 45.Nb4 Nc7 46.Nd5 Nxd5 47.exd5 Ke7 48.g5 Bg7 49.Rg8 fxg5 50.Rxg7 Kf6
51.Rh7  1-0

[Event "8th Chervonograd IM"]
[Site "Chervonograd UKR"]
[Date "2012.11.16"]
[Round "4.6"]
[White "Terletsky,O"]
[Black "Doluhanova,E"]
[Result "1-0"]
[WhiteElo "2259"]
[BlackElo "2287"]

1.e4 c5 2.Nf3 d6 3.d4 cxd4 4.Nxd4 Nf6 5.Nc3 a6 6.Be3 e5 7.Nb3 Be7 8.f3 Be6
9.Qd2 O-O 10.O-O-O Nbd7 11.g4 b5 12.g5 b4 13.Ne2 Ne8 14.f4 a5 15.f5 a4 16.fxe6 axb3
17.cxb3 fxe6 18.Bh3 Nc7 19.Kb1 Qb8 20.Rc1 Qb7 21.Rxc7 Qxc7 22.Bxe6+ Kh8 23.Qxb4 Nc5
24.Bd5 Rac8 25.Qd2 Qd7 26.g6 Qh3 27.Ng3 hxg6 28.b4 Nd7 29.b5 Nf6 30.Bc6 Nh5
31.Rc1 Nxg3 32.hxg3 Rf1 33.Rxf1 Qxf1+ 34.Qc1 Qg2 35.b6 Rf8 36.b7 d5 37.Bxd5 Bd6
38.Qc8 Qf1+ 39.Bc1 Kh7 40.Bc4 Qg2 41.Qg4 Rf4 42.Qd1 Rf6 43.Qd5 g5 44.Bxg5 Qh1+
45.Bc1 Kg6 46.Qxd6 Rxd6 47.b8=Q Qxe4+ 48.Ka1 Qc6 49.Qg8 Rf6 50.Qd5 Qxd5 51.Bxd5 Rf1
52.Kb1 Kf5 53.Kc2 e4 54.a4 Ke5 55.Bb7 Rf7 56.Ba6 Rc7+ 57.Kd1 Kd4 58.Be2 Ra7
59.Bb5 Rc7 60.Bd2 e3 61.Bc3+ Ke4 62.Ke2  1-0

[Event "WY BU14 2012"]
[Site "Maribor SLO"]
[Date "2012.11.16"]
[Round "9.58"]
[White "Dodu,Iulian Laurentiu"]
[Black "Gamage,Chathulanka"]
[Result "0-1"]
[WhiteElo "1843"]
[BlackElo "1663"]

1.e4 c5 2.Nf3 d6 3.d4 cxd4 4.Nxd4 Nf6 5.Nc3 a6 6.Be3 e6 7.f3 b5 8.Qd2 Bb7
9.g4 h6 10.h4 Nbd7 11.O-O-O b4 12.Na4 Qa5 13.b3 Nc5 14.a3 Nxa4 15.axb4 Qc7
16.bxa4 d5 17.e5 Nd7 18.f4 Nb6 19.Kb2 Rc8 20.Ra1 Nc4+ 21.Bxc4 dxc4 22.c3 Bxh1
23.Rxh1 Bxb4 24.f5 Qb7 25.fxe6 Be7+ 26.Kc2 Qe4+ 27.Kb2 Rb8+ 28.Ka2 Qxh1 29.exf7+ Kxf7  0-1

[Event "WY BU18 2012"]
[Site "Maribor SLO"]
[Date "2012.11.16"]
[Round "9.32"]
[White "Matijevic,Filip"]
[Black "Lindgren,P"]
[Result "0-1"]
[WhiteElo "2164"]
[BlackElo "2269"]

1.e4 c5 2.Nf3 d6 3.d4 cxd4 4.Nxd4 Nf6 5.Nc3 a6 6.Be3 e5 7.Nb3 Be6 8.h3 Nbd7
9.g4 h6 10.Qd2 b5 11.O-O-O Rc8 12.f4 Be7 13.Kb1 O-O 14.g5 hxg5 15.fxg5 Nh5
16.Rg1 Nb6 17.Qf2 Nc4 18.Bxc4 Rxc4 19.Nd2 Rxc3 20.bxc3 Qa5 21.Nb3 Qxc3 22.Qd2 Qc6
23.g6 Qxe4 24.Rde1 Qc4 25.Bg5 Bxg5 26.gxf7+ Bxf7 27.Rxg5 Rc8 28.Reg1 Qe6
29.Qg2 Qf6 30.Qg4 Rc4 31.Qd1 Rh4 32.Qd3 Kh8 33.Rf5 Qe6 34.Qf3 Nf4 35.Rfg5 g6
36.R5g4 Rxh3 37.Rh1 Rxh1+ 38.Qxh1+ Kg7 39.Rh4 Nh5 40.Qg1 Qf5 41.Qa7 Qf1+
42.Kb2 Qf6 43.Rh2 d5 44.Rf2 Nf4 45.Nc5 g5 46.Qc7 e4+ 47.Kb1 e3 48.Rh2 e2  0-1

[Event "WY BU14 2012"]
[Site "Maribor SLO"]
[Date "2012.11.16"]
[Round "9.19"]
[White "Wu,Christopher"]
[Black "Baskin,R"]
[Result "0-1"]
[WhiteElo "2239"]
[BlackElo "2071"]

1.e4 c5 2.Nf3 d6 3.d4 cxd4 4.Nxd4 Nf6 5.Nc3 a6 6.Be3 e5 7.Nb3 Be6 8.h3 Nbd7
9.g4 Rc8 10.Qd2 b5 11.Bg2 Nb6 12.Bxb6 Qxb6 13.Nd5 Bxd5 14.exd5 Be7 15.Na5 Nd7
16.O-O-O Bh4 17.Rhf1 h6 18.Kb1 O-O 19.Nc6 Rfe8 20.Be4 Nc5 21.f3 Ra8 22.Qa5 Qb7
23.Qd2 Qb6 24.Qa5 Qb7 25.Bf5 g6 26.Be4 Kg7 27.Qc3 Qb6 28.Qa5 Qb7 29.Bd3 Bd8
30.Qe1 Bg5 31.h4 Bf4 32.h5 a5 33.c3 Qb6 34.Bc2 Qc7 35.Qe2 Qb7 36.Bd3 b4 37.cxb4 axb4
38.Qe1 Nxd3 39.Rxd3 Rxa2 40.Qxb4 Qa6 41.Rfd1 Ra1+ 42.Kc2 Rxd1 43.Rxd1 Qe2+
44.Rd2 Bxd2 45.Qxd2 Qxf3 46.hxg6 fxg6 47.b4 Ra8 48.Na5 Qxg4 49.Qc3 Rc8 50.Nc6 Qg2+
51.Qd2 Qe4+ 52.Kb2 Qc4 53.Qg2 Rf8 54.Ne7 Qxb4+ 55.Kc2 Qc4+ 56.Kd2 Qa2+  0-1

[Event "WY BU18 2012"]
[Site "Maribor SLO"]
[Date "2012.11.16"]
[Round "9.5"]
[White "Idani,P"]
[Black "Narayanan,Sri"]
[Result "1-0"]
[WhiteElo "2462"]
[BlackElo "2438"]

1.e4 c5 2.Nf3 d6 3.d4 Nf6 4.Nc3 cxd4 5.Nxd4 a6 6.Be3 e5 7.Nb3 Be6 8.f3 Nbd7
9.Qd2 b5 10.O-O-O h5 11.Bd3 Be7 12.h3 h4 13.f4 Qc7 14.Kb1 Rb8 15.Rhe1 Nb6
16.Bxb6 Rxb6 17.Be2 O-O 18.Bf3 b4 19.Nd5 Nxd5 20.exd5 Bd7 21.Nd4 f5 22.Nc6 Bxc6
23.dxc6 e4 24.Qd5+ Kh8 25.Rxe4 Rb5 26.Rxe7 Qxe7 27.Qxd6 Qxd6 28.Rxd6 Rc5
29.Kc1 a5 30.Kd2 Kh7 31.Kd3 a4 32.c4 bxc3 33.bxc3 Rb5 34.Rd4 Ra8 35.Rb4 Rba5
36.Kc4 Kg6 37.Rb5 R5a6 38.Kc5 Kf7 39.Rb7+ Kf6 40.c7 Ra5+ 41.Rb5  1-0

[Event "TCh-FIN SM 2012-13"]
[Site "Espoo FIN"]
[Date "2012.11.17"]
[Round "6.2"]
[White "Maki Uuro,Mi"]
[Black "Luukkonen,T"]
[Result "1-0"]
[WhiteElo "2341"]
[BlackElo "2323"]

1.e4 c5 2.Nf3 d6 3.d4 cxd4 4.Nxd4 Nf6 5.Nc3 a6 6.Be3 e5 7.Nf3 Qc7 8.Bg5 Nbd7
9.Nd2 h6 10.Bh4 g5 11.Bg3 b5 12.a3 Nc5 13.h4 g4 14.h5 Bb7 15.Bd3 Rg8 16.Qe2 O-O-O
17.Bh4 Be7 18.Bxf6 Bxf6 19.a4 Ne6 20.axb5 Nd4 21.Qd1 axb5 22.Nd5 Bxd5 23.exd5 g3
24.c3 gxf2+ 25.Kf1 Ne6 26.dxe6 Qc6 27.Qf3 d5 28.Qxf6 e4 29.Be2 fxe6 30.Nb3 Rdf8
31.Qe7  1-0

[Event "WY BU18 2012"]
[Site "Maribor SLO"]
[Date "2012.11.17"]
[Round "10.9"]
[White "Forcen Esteban,D"]
[Black "Narayanan,Sri"]
[Result "1-0"]
[WhiteElo "2479"]
[BlackElo "2438"]

1.e4 c5 2.Nf3 d6 3.d4 cxd4 4.Nxd4 Nf6 5.Nc3 a6 6.Be3 e5 7.Nb3 Be6 8.Qd2 Nbd7
9.O-O-O b5 10.f4 Rc8 11.Kb1 Qc7 12.h3 Be7 13.g4 exf4 14.Bxf4 Ne5 15.Qg2 O-O
16.Nd4 b4 17.Nd5 Nxd5 18.exd5 Bd7 19.g5 Qb6 20.Be2 a5 21.Bg4 Rc4 22.Qe4 f5
23.gxf6 Bxf6 24.Be3 Be8 25.Bf5 Bh5 26.Rdf1 Kh8 27.Ne6 Qb5 28.Qg2 Rg8 29.Bg5 a4
30.Rhg1 Bg6 31.Bxg6 hxg6 32.Rxf6 b3 33.Rf4 Rb8 34.cxb3 axb3 35.a3 Rc2 36.Rf2 Qd3
37.Rxc2 Nc4 38.Kc1 bxc2 39.Qxc2 Qxd5 40.Nf4 Qc5 41.Nxg6+ Kg8 42.Ne7+ Kf8
43.Qf5+  1-0

[Event "WY BU14 2012"]
[Site "Maribor SLO"]
[Date "2012.11.17"]
[Round "10.5"]
[White "Sanal,V"]
[Black "Gajek,R"]
[Result "0-1"]
[WhiteElo "2397"]
[BlackElo "2250"]

1.e4 c5 2.Nf3 d6 3.d4 cxd4 4.Nxd4 Nf6 5.Nc3 a6 6.Be3 e6 7.f3 Nbd7 8.Qd2 b5
9.g4 h6 10.O-O-O b4 11.Nce2 Qc7 12.Bg2 Ne5 13.b3 Bd7 14.h4 a5 15.g5 Nh5 16.Bh3 a4
17.Kb1 axb3 18.cxb3 Qb7 19.f4 Nc6 20.Bg2 Be7 21.Bf3 g6 22.e5 d5 23.Bxh5 gxh5
24.Rc1 hxg5 25.hxg5 h4 26.Nxc6 Bxc6 27.Nd4 Bd7 28.Rh2 Qa6 29.f5 exf5 30.Rf2 h3
31.Rh1 Qg6 32.Ka1 Rh4 33.Bf4 Qh5 34.Nf3 Rg4 35.Rfh2 Rxf4 36.Qxf4 Qg4 37.Qe3 Qe4
38.Qf2 f4 39.Re1 Qd3 40.Rb1 Bf5 41.Rc1 Bg4 42.Nd4 Bxg5 43.Qg1 Qg3 44.Ne2 Qxb3
45.Nc3 f3 46.Qc5 Qa3 47.Rg1 bxc3 48.Qxa3 Rxa3 49.Rxg4 Be3 50.Kb1 f2 51.Rh1 d4
52.Rg3 Ra5 53.Rgxh3 Rb5+ 54.Kc2 Rb2+ 55.Kd3 c2  0-1

[Event "WY BU16 2012"]
[Site "Maribor SLO"]
[Date "2012.11.17"]
[Round "10.40"]
[White "Bosnjak,Petar"]
[Black "Darling,Simeon C."]
[Result "0-1"]
[WhiteElo "2086"]
[BlackElo "1931"]

1.e4 c5 2.Nf3 d6 3.d4 cxd4 4.Nxd4 Nf6 5.Nc3 a6 6.Be3 Ng4 7.Bc4 Nxe3 8.fxe3 e6
9.O-O Nc6 10.Nxc6 bxc6 11.Qf3 Qc7 12.Rf2 Ra7 13.Raf1 Qa5 14.Bb3 Rc7 15.Qh3 Qe5
16.Rf4 g5 17.R4f2 h5 18.Qf3 g4 19.Qd1 Bh6 20.Re2 Bg5 21.Qd4 Qxd4 22.exd4 Ke7
23.Bc4 c5 24.d5 e5 25.Kh1 Ra7 26.Nd1 Bd7 27.b3 Rf8 28.Ref2 Bh4 29.g3 Bg5
30.a4 f6 31.Bd3 Rb8 32.Nb2 Rb4 33.Nc4 Be8 34.Na5 Rb6 35.Nc4 Rb4 36.Rb1 Bxa4
37.Ra1 Bd7 38.Rff1 Rb8 39.Ra5 Bb5 40.Rfa1 Rab7 41.R5a3 Kd7 42.Nb2 Kc7 43.c4 Bd7
44.Bc2 a5 45.Rxa5 Bd2 46.Ra6 Bc3 47.R6a2 Bxb2 48.Rxb2 Rf8 49.Rbb1 f5 50.Kg2 f4
51.Rf1 f3+ 52.Kf2 Rh8 53.h4 gxh3 54.Kg1 Rf8 55.Bd1 Bg4 56.Kf2 Rf6 57.Ke3 f2
58.Bc2 Rf3+ 59.Kd2 h2  0-1

[Event "WY BU18 2012"]
[Site "Maribor SLO"]
[Date "2012.11.18"]
[Round "11.7"]
[White "Bukavshin,I"]
[Black "Urtnasan,N"]
[Result "1-0"]
[WhiteElo "2505"]
[BlackElo "2305"]

1.e4 c5 2.Nf3 d6 3.d4 cxd4 4.Nxd4 Nf6 5.Nc3 a6 6.Be3 e5 7.Nb3 Be6 8.f4 Ng4
9.Bd2 exf4 10.Bxf4 Nd7 11.Qd2 Be7 12.Bxd6 Bxd6 13.Qxd6 Rc8 14.Qg3 h5 15.h3 h4
16.Qf4 Nge5 17.Qd2 b5 18.O-O-O O-O 19.Nd5 Bxd5 20.exd5 Qf6 21.Qd4 Rfd8 22.d6 Nf8
23.Kb1 Rc6 24.Qe4 Rcxd6 25.Rxd6 Rxd6 26.Be2 g6 27.Qe3 Nc4 28.Bxc4 bxc4 29.Nd2 Re6
30.Qc5 Re2 31.Nxc4 Rxg2 32.a4 Qf3 33.Ne5 Qf5 34.Re1 Re2 35.Rxe2 Qf1+ 36.Ka2 Qxe2
37.Ng4 Qe6+ 38.b3 Nd7 39.Qd4 Kf8 40.Qh8+ Ke7 41.Qxh4+ f6 42.Qf2 f5 43.Qh4+ Kd6
44.Nf2 Nc5 45.Qd4+ Qd5 46.Qf6+ Qe6 47.Qd8+ Kc6 48.Nd3 Nxa4 49.Nb4+ Kb7 50.Nd5 Qc6
51.Qe7+ Kc8 52.Qf8+ Kb7 53.Qg7+ Ka8 54.c4 Nb6 55.Nc7+ Kb7 56.Ne6+ Ka8 57.Qxg6 Qd6
58.Qg2+ Kb8 59.Qe2 Nd7 60.Qe3 Qh2+ 61.Ka3 Qh1 62.Qf4+ Ka8 63.Qd4 Qc1+ 64.Ka4 Nb6+
65.Ka5 Qe1+ 66.Kxb6 Qxe6+ 67.Ka5 Kb7 68.h4 Qe1+ 69.b4 Qe6 70.h5 Qc6 71.Qg7+ Ka8
72.Qg6 Qc7+ 73.Qb6 Qe5+ 74.Kxa6 Qa1+ 75.Kb5 Qe5+ 76.Qc5 Qb8+ 77.Ka4 Qe8+
78.b5 Qxh5 79.Qc8+ Ka7 80.Ka5 Qh6 81.Qc7+ Ka8 82.Qd8+ Kb7 83.c5  1-0

[Event "WY GU18 2012"]
[Site "Maribor SLO"]
[Date "2012.11.18"]
[Round "11.17"]
[White "Orbezo Rosales,X"]
[Black "Gelip,I"]
[Result "0-1"]
[WhiteElo "1792"]
[BlackElo "2016"]

1.e4 c5 2.Nf3 a6 3.Nc3 d6 4.d4 cxd4 5.Nxd4 Nf6 6.Be3 e5 7.Nb3 Be6 8.f3 Be7
9.Qd2 Nbd7 10.g4 Nb6 11.O-O-O Rc8 12.Qf2 Nfd7 13.Nd5 Bxd5 14.exd5 Bg5 15.h4 Bxe3+
16.Qxe3 Qc7 17.Rh2 Nf6 18.Qg5 Kf8 19.Bd3 Nbxd5 20.Bf5 Rd8 21.Qd2 Nf4 22.g5 N6d5
23.Be4 Nb6 24.Qb4 Kg8 25.Rhd2 d5 26.Bf5 g6 27.Bg4 Nc4 28.Rh2 Ne3 29.Re1 Nd3+  0-1

[Event "WY BU16 2012"]
[Site "Maribor SLO"]
[Date "2012.11.18"]
[Round "11.40"]
[White "Bratkovic,Sham"]
[Black "Salomon,J"]
[Result "0-1"]
[WhiteElo "1943"]
[BlackElo "2070"]

1.e4 c5 2.Nf3 d6 3.d4 cxd4 4.Nxd4 Nf6 5.Nc3 a6 6.Be3 e5 7.Nb3 Be7 8.Bc4 O-O
9.O-O Nbd7 10.f3 Nb6 11.Bxb6 Qxb6+ 12.Kh1 Be6 13.Bd5 Rac8 14.Rc1 Bxd5 15.exd5 Nh5
16.g3 g6 17.Qd2 f5 18.f4 Nf6 19.Rfe1 e4 20.Qd4 Nd7 21.Qxb6 Nxb6 22.Nd4 Bf6
23.Nde2 Nc4 24.Rb1 b5 25.a4 b4 26.Nd1 Rc5 27.c3 b3 28.Nc1 Rb8 29.Ne3 Nxe3
30.Rxe3 Rxd5 31.Kg2 Rd1 32.Kf2 Kf7 33.Re1 Rd2+ 34.Re2 Rc2 35.Ke1 d5 36.Kd1 d4
37.cxd4 Rc4 38.Rd2 Bxd4 39.Ne2 Be3 40.Rd7+ Ke6 41.Rxh7 Rd8+ 42.Ke1 Rc2 43.Nc3 Rdd2
44.Nd1 Bd4 45.Rb7 Rg2  0-1

[Event "TCh-NED Meesterklasse 2012-13"]
[Site "Netherland NED"]
[Date "2012.11.24"]
[Round "4.2"]
[White "Pruijssers,R"]
[Black "Kleijn,C"]
[Result "1-0"]
[WhiteElo "2514"]
[BlackElo "2418"]

1.e4 c5 2.Nf3 d6 3.d4 cxd4 4.Nxd4 Nf6 5.Nc3 a6 6.Be3 e5 7.Nb3 Be7 8.f3 Be6
9.Qd2 O-O 10.O-O-O a5 11.a4 Na6 12.g4 Nb4 13.Kb1 Rc8 14.g5 Nd7 15.f4 exf4
16.Bxf4 Ne5 17.Be2 Qb6 18.Qe3 Qc7 19.Rd2 Nc4 20.Bxc4 Bxc4 21.Nd4 g6 22.h4 Rfd8
23.h5 Bf8 24.Rdh2 Rd7 25.Qh3 Bg7 26.hxg6 Bxd4 27.Qxh7+ Kf8 28.e5 fxg6 29.Qxg6 Bg8
30.Rh8 Rg7 31.Qf5+ Ke8 32.Qe6+ Kf8 33.R1h7 Bxe5 34.Bxe5 dxe5 35.Qf6+ Qf7
36.Rxg7  1-0

[Event "TCh-NED Meesterklasse 2012-13"]
[Site "Netherland NED"]
[Date "2012.11.24"]
[Round "4.2"]
[White "Muhren,B"]
[Black "L'Ami,E"]
[Result "0-1"]
[WhiteElo "2307"]
[BlackElo "2627"]

1.e4 c5 2.Nf3 d6 3.d4 cxd4 4.Nxd4 Nf6 5.Nc3 a6 6.Be3 e5 7.Nf3 Be7 8.Bc4 O-O
9.O-O Nc6 10.Nd2 Be6 11.Bd5 Rc8 12.Nc4 Bxd5 13.Nxd5 Nxd5 14.exd5 Nd4 15.Qd3 Bf6
16.c3 Nf5 17.Bb6 Qe8 18.Rfe1 Qb5 19.Re4 g6 20.a4 Qd7 21.Ba5 Bd8 22.Bb4 Bc7
23.g4 Ne7 24.Kh1 f5 25.gxf5 Rxf5 26.f4 Rxf4 27.Rxf4 exf4 28.Re1 Rf8 29.Qf3 Rf5
30.Re6 Nxd5 31.Qe4 Nf6 32.Qe1 Qc6+ 33.Kg1 Rg5+  0-1

[Event "TCh-SVK Extraliga 2012-13"]
[Site "Slovakia SVK"]
[Date "2012.11.24"]
[Round "3.2"]
[White "Farkas,Ga1"]
[Black "Csiba,D"]
[Result "0-1"]
[WhiteElo "2293"]
[BlackElo "2376"]

1.e4 c5 2.Nf3 d6 3.d4 cxd4 4.Nxd4 Nf6 5.Nc3 a6 6.Be3 e5 7.Nb3 Be6 8.Be2 Be7
9.O-O O-O 10.a4 Nbd7 11.f3 Nb6 12.a5 Nc4 13.Bxc4 Bxc4 14.Rf2 h6 15.Rd2 Qc7
16.Na4 Nd7 17.Nb6 Nxb6 18.axb6 Qc8 19.Na5 Be6 20.Ra3 Qd7 21.c4 Qc8 22.Ra1 Rb8
23.Rc1 f5 24.exf5 Rxf5 25.b4 Qf8 26.c5 dxc5 27.bxc5 e4 28.fxe4 Bxc5 29.exf5 Bxe3+
30.Kh1 Bxd2 31.Qxd2 Qxf5 32.h3 Bd5 33.Kg1 Re8 34.Rc7 Re5 35.Nxb7 Qb1+ 36.Kh2 Rg5  0-1

[Event "TCh-SVK Extraliga 2012-13"]
[Site "Slovakia SVK"]
[Date "2012.11.24"]
[Round "3.3"]
[White "Meszaros,Mi"]
[Black "Ftacnik,L"]
[Result "0-1"]
[WhiteElo "2412"]
[BlackElo "2547"]

1.e4 c5 2.Nf3 d6 3.d4 cxd4 4.Nxd4 Nf6 5.Nc3 a6 6.Be3 e6 7.Be2 Be7 8.a4 Nc6
9.O-O O-O 10.f4 Qc7 11.Kh1 Re8 12.Bf3 Rb8 13.Qd2 Bf8 14.Rad1 e5 15.Nde2 b5
16.axb5 axb5 17.f5 b4 18.Nd5 Nxd5 19.Qxd5 Ba6 20.f6 Nd4 21.Nxd4 exd4 22.Bxd4 Bc4
23.Qg5 Bxf1 24.fxg7 Be7 25.Qh6 Bb5 26.c4 bxc3 27.Bxc3 Qc8 28.Rd5 Qe6 29.Qf4 Bd8
30.Rh5 Bd7 31.Rh6 Qc4 32.h3 Qf1+ 33.Kh2 Bb6 34.Qxd6 Bg1+ 35.Kg3 Qf2+  0-1

[Event "35th ch-GRE w 2012"]
[Site "Athens GRE"]
[Date "2012.11.25"]
[Round "2"]
[White "Makka,E"]
[Black "Grapsa,G"]
[Result "1-0"]
[WhiteElo "2047"]
[BlackElo "2051"]

1.e4 c5 2.Nf3 d6 3.d4 Nf6 4.Nc3 cxd4 5.Nxd4 a6 6.Be3 e5 7.Nb3 Be6 8.f4 exf4
9.Bxf4 Nc6 10.Qe2 Be7 11.h3 O-O 12.O-O-O Qc7 13.Kb1 b5 14.g4 Ne5 15.g5 Nfd7
16.Nd5 Bxd5 17.Rxd5 Rac8 18.h4 Nb6 19.Rd1 Na4 20.Bc1 Nc4 21.Rh3 Rfe8 22.Nd4 Qa5
23.g6 fxg6 24.h5 Bf6 25.hxg6 hxg6 26.Qg2 Ncxb2 27.e5 Nxd1 28.Qd5+ Kf8 29.Rh8+ Ke7
30.Qe6+ Kd8 31.Qxd6+  1-0

[Event "XXVI Belgrade Trophy 2012"]
[Site "Belgrade SRB"]
[Date "2012.11.26"]
[Round "3.29"]
[White "Arsic,D"]
[Black "Sarenac,D"]
[Result "0-1"]
[WhiteElo "1990"]
[BlackElo "2308"]

1.e4 c5 2.Nf3 d6 3.d4 cxd4 4.Nxd4 Nf6 5.Nc3 a6 6.Be3 e5 7.Nb3 Be6 8.f3 Be7
9.Qd2 O-O 10.O-O-O Nbd7 11.g4 b5 12.h4 b4 13.Na4 Qb8 14.h5 Rc8 15.g5 Ne8
16.Kb1 Qb7 17.Nc1 Qc6 18.b3 Nc7 19.Nd3 d5 20.Qf2 Nb5 21.Bc1 Rab8 22.Rh2 Na3+
23.Bxa3 bxa3 24.exd5 Bxd5 25.Qh4 Bxf3 26.Rdd2 e4 27.Ne1  0-1